Mr. Jones : (Record no. 113473)

MARC details
000 -CABECERA
campo de control de longitud fija 01231ngm a2200217 a 4500
005 - FECHA Y HORA DE LA ÚLTIMA TRANSACCIÓN
campo de control 20240823063821.0
008 - ELEMENTOS DE LONGITUD FIJA--INFORMACIÓN GENERAL
campo de control de longitud fija 051201s1994 mx 113 aaspa d
035 ## - NÚMERO DE CONTROL DEL SISTEMA
Número de control de sistema UPN01000141326
049 ## - COLECCIÓN
Colección AV
050 #4 - SIGNATURA TOPOGRÁFICA DE LA BIBLIOTECA DEL CONGRESO
Número de clasificación PVI BF 1326
245 00 - MENCIÓN DE TÍTULO
Título Mr. Jones :
Resto del título un irresistible seductor /
Mención de responsabilidad, etc. prod. Rastar ; dir. Mike Figgis.
260 ## - PUBLICACIÓN, DISTRIBUCIÓN, ETC.
Lugar de publicación, distribución, etc. Estados Unidos :
Nombre del editor, distribuidor, etc. Columbia Tristar Pictures :
-- Video Visa,
Fecha de publicación, distribución, etc. 1994.
300 ## - DESCRIPCIÓN FÍSICA
Extensión 1 videocasete (VHS) (113 min.) :
Otras características físicas son., col.
500 ## - NOTA GENERAL
Nota general Subtitulada en español
520 ## - NOTA DE RESUMEN, ETC.
Sumario, etc. Un hombre que padece trastornos de conducta, sin embargo es impulsivo, irresponsable, irresistible; es un hombre que, sin proponérselo, atrae a la gente con su carisma y su extraordinaria energía. Pero con esa misma facilidad cae en largos periodos de depresión y desesperanza. Su psiquiatra es inteligente, dedicada y reconocida, sin embargo su largo entrenamiento no la ha preparado para enfrentarse al Sr. Jones. El la reta, la intriga, le desnuda el corazón y sin darse cuenta se encuentra arriesgando su carrera por él
511 1# - NOTA DE PARTICIPANTES O INTÉRPRETES
Nota de participantes o intérpretes Richard Gere, Lena Olin
650 #4 - ASIENTO SECUNDARIO DE MATERIA - TERMINO TEMATICO
Término de materia o nombre geográfico como elemento de entrada Conducta (Psicología)
9 (RLIN) 4460
650 #0 - ASIENTO SECUNDARIO DE MATERIA - TERMINO TEMATICO
Término de materia o nombre geográfico como elemento de entrada Relación hombre-mujer
9 (RLIN) 1566
700 1# - ASIENTO SECUNDARIO--NOMBRE DE PERSONAL
Nombre de persona Figgis, Mike,
Término indicativo de función/relación dir.
905 ## - TIPO DE MATERIAL
Tipo de material Audiovisuales
Holdings
Estado de retiro Estado de pérdida Fuente del sistema de clasificación o colocación Estado dañado No para préstamo Código de colección Localización permanente Ubicación/localización actual Ubicación en estantería Total de préstamos Clasificación Código de barras Fecha visto por última vez Número de copia Tipo de ítem Koha
    Library of Congress Classification     Audiovisuales Bib. Gregorio Torres Quintero Bib. Gregorio Torres Quintero Audiovisual   PVI BF 1326 215484 31/12/2020 1 Videocasete